| 000 | 01549nam a2200373 a 4500 | ||
|---|---|---|---|
| 001 | ebr10676416 | ||
| 003 | CaPaEBR | ||
| 006 | m u | ||
| 007 | cr cn||||||||| | ||
| 008 | 090701s2009 nyuab sb 001 0 eng d | ||
| 010 | _z 2009027056 | ||
| 020 | _z9781607411222 (hardcover) | ||
| 020 | _z1607411229 (hardcover) | ||
| 020 | _z9781616684082 (e-book) | ||
| 040 |
_aCaPaEBR _cCaPaEBR |
||
| 035 | _a(OCoLC)608691483 | ||
| 043 |
_an-us--- _ad------ |
||
| 050 | 1 | 4 |
_aHF4055 _b.U7 2009eb |
| 082 | 0 | 4 |
_a382/.097301724 _222 |
| 245 | 0 | 0 |
_aU.S. trade with developing countries _h[electronic resource] : _bpolicy, programs and trends / _cKalan R. Geisler, editor. |
| 246 | 3 | _aUnited States trade with developing countries | |
| 260 |
_aNew York : _bNova Science Publishers, Inc., _cc2009. |
||
| 300 |
_axiv, 250 p. : _bill., map. |
||
| 490 | 1 | _aMonetary, fiscal and trade policies series | |
| 504 | _aIncludes bibliographical references and index. | ||
| 533 |
_aElectronic reproduction. _bPalo Alto, Calif. : _cebrary, _d2013. _nAvailable via World Wide Web. _nAccess may be limited to ebrary affiliated libraries. |
||
| 651 | 0 |
_aUnited States _xCommerce _zDeveloping countries. |
|
| 651 | 0 |
_aDeveloping countries _xCommerce _zUnited States. |
|
| 655 | 7 |
_aElectronic books. _2local |
|
| 700 | 1 | _aGeisler, Kalan R. | |
| 710 | 2 | _aebrary, Inc. | |
| 830 | 0 | _aMonetary, fiscal and trade policies series. | |
| 856 | 4 | 0 |
_uhttp://site.ebrary.com/lib/rucke/Doc?id=10676416 _zAn electronic book accessible through the World Wide Web; click to view |
| 999 |
_c58373 _d58373 |
||